ბათუმის შოთა რუსთაველის სახელმწიფო უნივერსიტეტის ბიბლიოთეკა

История Экономики (ბიბ.ჩანაწერი № 37091)

000 -LEADER
fixed length control field 00652nam a2200253Ia 4500
001 - CONTROL NUMBER
control field 3047
003 - CONTROL NUMBER IDENTIFIER
control field GE_BSU
008 - FIXED-LENGTH DATA ELEMENTS--GENERAL INFORMATION
fixed length control field 181216s||||||||xx |||||||||||||| ||und||
020 ## - INTERNATIONAL STANDARD BOOK NUMBER
International Standard Book Number 5862255931
040 ## - CATALOGING SOURCE
Transcribing agency GE_BSU
080 ## - UNIVERSAL DECIMAL CLASSIFICATION NUMBER
Universal Decimal Classification number 33(075.8)
245 ## - TITLE STATEMENT
Title История Экономики
245 ## - TITLE STATEMENT
Remainder of title учебное пособие
245 ## - TITLE STATEMENT
Statement of responsibility, etc. ред. В.И. Осипов
260 ## - PUBLICATION, DISTRIBUTION, ETC.
Place of publication, distribution, etc. Москва
260 ## - PUBLICATION, DISTRIBUTION, ETC.
Name of publisher, distributor, etc. ИНФРА-М
260 ## - PUBLICATION, DISTRIBUTION, ETC.
Date of publication, distribution, etc. 1998
300 ## - PHYSICAL DESCRIPTION
Extent 128 ст. 20 см.
653 ## - INDEX TERM--UNCONTROLLED
Uncontrolled term История Эономики
653 ## - INDEX TERM--UNCONTROLLED
Uncontrolled term Экономика
653 ## - INDEX TERM--UNCONTROLLED
Uncontrolled term ეკონომიკა
942 ## - ADDED ENTRY ELEMENTS (KOHA)
Koha item type წიგნი
ეგზემპლარები
Withdrawn status Lost status Damaged status Not for loan Date acquired Barcode Date last seen Price effective from Koha item type Public note
        2018-12-17 7867 2018-12-17 2018-12-17 წიგნი დარბაზი
        2018-12-17 7868 2018-12-17 2018-12-17 წიგნი დარბაზი
        2018-12-17 8083 2018-12-17 2018-12-17 წიგნი დარბაზი